Guía visual de Windows Me / (Record no. 87334)

MARC details
000 -CABECERA
campo de control de longitud fija 00657nam a2200229 a 4500
005 - FECHA Y HORA DE LA ÚLTIMA TRANSACCIÓN
campo de control 20210223124503.0
008 - ELEMENTOS DE LONGITUD FIJA--INFORMACIÓN GENERAL
campo de control de longitud fija 011024s2000 r 000 0 eng d
020 ## - NÚMERO INTERNACIONAL NORMALIZADO PARA LIBROS
Número Internacional Estándar del Libro 8441510679
035 ## - NÚMERO DE CONTROL DEL SISTEMA
Número de control de sistema UPN01000113426
049 ## - COLECCIÓN
Colección CG
050 #4 - SIGNATURA TOPOGRÁFICA DE LA BIBLIOTECA DEL CONGRESO
Número de clasificación QA76.76 O6.3
Número de documento/Ítem P3.3
100 1# - ASIENTO PRINCIPAL--NOMBRE PERSONAL
Nombre de persona Pardo Niebla, Miguel
245 10 - MENCIÓN DE TÍTULO
Título Guía visual de Windows Me /
Mención de responsabilidad, etc. Miguel Pardo Niebla.
260 ## - PUBLICACIÓN, DISTRIBUCIÓN, ETC.
Lugar de publicación, distribución, etc. Madrid :
Nombre del editor, distribuidor, etc. Anaya Multimedia,
Fecha de publicación, distribución, etc. c2000.
300 ## - DESCRIPCIÓN FÍSICA
Extensión 192 p. :
Otras características físicas il. col.
440 #0 - MENCIÓN DE SERIE/ASIENTO SECUNDARIO--TÍTULO
Título Guías visuales
650 #4 - ASIENTO SECUNDARIO DE MATERIA - TERMINO TEMATICO
Término de materia o nombre geográfico como elemento de entrada SISTEMAS OPERATIVOS (COMPUTADORAS)
9 (RLIN) 5927
650 #4 - ASIENTO SECUNDARIO DE MATERIA - TERMINO TEMATICO
Término de materia o nombre geográfico como elemento de entrada MICROSOFT WINDOWS(ARCHIVO DE COMPUTADORA)
901 ## - ELEMENTOS DE DATOS A LOCAL LDA (RLIN)
a 186974
902 ## - ELEMENTOS DE DATOS B LOCAL, LDB (RLIN)
Creó BDV/tgg.
905 ## - TIPO DE MATERIAL
Tipo de material Libro
Holdings
Estado de retiro Estado de pérdida Fuente del sistema de clasificación o colocación Estado dañado No para préstamo Código de colección Localización permanente Ubicación/localización actual Ubicación en estantería Total de préstamos Clasificación Código de barras Fecha visto por última vez Número de copia Tipo de ítem Koha
    Library of Congress Classification     Colección General Bib. Gregorio Torres Quintero Bib. Gregorio Torres Quintero Planta baja 6 QA76.76 O6.3 P3.3 186974 31/12/2020 1 Libro